书目信息 |
| 题名: |
幻剑神射
|
|
| 作者: | 司马 著 | |
| 分册: | ||
| 出版信息: | 西宁 青海人民出版社 1998.02 |
|
| 页数: | 5卷 | |
| 开本: | 19cm | |
| 丛书名: | 玄弓幻箭录 2 | |
| 单 册: | ||
| 中图分类: | I247.58 | |
| 科图分类: | ||
| 主题词: | 小说--中国 | |
| 电子资源: | ||
| ISBN: | 7-225-01474-9 | |
| 000 | 00580nam0 2200217 45 | |
| 001 | 0360982656 | |
| 005 | 2003041816562265 | |
| 010 | @a7-225-01474-9@dRMB 12.40 | |
| 100 | @a20030418d1998 km y0chiy0120 ea | |
| 101 | 0 | @achi |
| 102 | @aCN@b640000 | |
| 200 | 1 | @a幻剑神射@Ahuan jian shen she@f司马著@Fsi ma zhu |
| 210 | @a西宁@c青海人民出版社@d1998.02 | |
| 215 | @a5卷@d19cm | |
| 225 | 2 | @a玄弓幻箭录 2 |
| 410 | 0 | @12001 @a玄弓幻箭录 2 |
| 606 | 0 | @a小说@x中国 |
| 690 | @aI247.58@v4 | |
| 701 | 0 | @a司马@Asi ma@4著 |
| 801 | 0 | @aCN@bPFT@c20030418 |
| 905 | @a10447@dI247.58@eS7011:2 | |
| 幻剑神射/司马著.-西宁:青海人民出版社,1998.02 |
| 5卷;19cm.-(玄弓幻箭录 2) |
| ISBN 7-225-01474-9:RMB 12.40 |
| ● |
| 相关链接 |
|
|
|
正题名:幻剑神射
索取号:I247.58/S7011:2
 
预约/预借
| 序号 | 登录号 | 条形码 | 馆藏地/架位号 | 状态 | 备注 |
| 1 | 366022 | 203660225 | 文学库108/ [索取号:I247.58/S7011:2] | 在馆 |